000 01129cam a22002054a 4500
005 20250605164208.0
008 250528s ||||||||||||||||||||||||d
035 _a20127
020 _a60452412
040 _aGR-AtMCL
_bgre
_dGR-AtMCL
_eAACR2
245 1 _aFoundations of Experimental Research / Harper's Experimental Psychology Series
250 _a2nd
260 _bHarper & Row Publishers,
_c1974
300 _a334
520 _aThe Role of Observation and Description, Experimentation as a Decision-Making Process, Foundations of Experimental Research, Decisions Concerning Definitions of Concepts, Types of Experiments, Sampling in Experimental Research, Basic Statistical Concepts, Analysis of Variance: Basic Concepts and Applications, The Treatment of Functional Data, Concepts of Causality in Experimentation, Sources of Error and the Nature of Controls, Experimental Design Methods, An Introduction to Psychophysics, The Nature of Measurement, The Role of Instruments in Research,k Bibliography, Appendixes, Indexes.
700 1 _aPlutchik Robert
_96180
942 _cBK
999 _c5266
_d5266